<?xml version="1.0" encoding="UTF-8"?>
<record
    xmlns:xsi="http://www.w3.org/2001/XMLSchema-instance"
    xsi:schemaLocation="http://www.loc.gov/MARC21/slim http://www.loc.gov/standards/marcxml/schema/MARC21slim.xsd"
    xmlns="http://www.loc.gov/MARC21/slim">

  <leader>00462    a2200133   4500</leader>
  <controlfield tag="001">ART_13750</controlfield>
  <controlfield tag="005">20260410161910.0</controlfield>
  <controlfield tag="008">260409a                                 </controlfield>
  <datafield tag="245" ind1="1" ind2="0">
    <subfield code="a">Un estudio sobre la transferencia de tecnolog&#xED;a en la industria mexicana del vestido</subfield>
  </datafield>
  <datafield tag="100" ind1="1" ind2=" ">
    <subfield code="a">Mercado Garc&#xED;a, Alfonso</subfield>
  </datafield>
  <datafield tag="700" ind1="1" ind2=" ">
    <subfield code="a">Ju&#xE1;rez Melo, Antonio</subfield>
  </datafield>
  <datafield tag="700" ind1="1" ind2=" ">
    <subfield code="a">Aristy Melo, Jes&#xFA;s</subfield>
  </datafield>
  <datafield tag="773" ind1="0" ind2=" ">
    <subfield code="t">Demograf&#xED;a y econom&#xED;a</subfield>
    <subfield code="g">- Vol. XIV, N&#xBA;42 (abr./jun. 1980)</subfield>
    <subfield code="w">REV13200</subfield>
  </datafield>
  <datafield tag="999" ind1=" " ind2=" ">
    <subfield code="c">26751</subfield>
    <subfield code="d">26751</subfield>
  </datafield>
</record>
